000 00432nam a22001697a 4500
003 NUST - PNEC
005 20170116180835.0
008 150804b xxu||||| |||| 00| 0 eng d
020 _a0521566975
040 _cLIBRARY
082 _a530.076 REE
100 _94872
_a Rees, Gareth
245 _aPhysics by example : 200 problems and solutions
_cGareth, Rees
260 _cc 1994
650 _94875
_aPhysics
_x-
942 _2ddc
_cBK
999 _c64162
_d64162